Mladí ľudia a proenvironmentálne správanie
Výsledky dvoch prieskumov medzi študentmi Obchodnej fakulty EUBA. Prvý, kvalitatívny prieskum realizovaný v 2019/2020 s 25 individuálnymi rozhovormi ohľadom vnímania súčasného stavu životného prostredia mladými ľuďmi, ich postoje a správanie v súvislosti so životným prostredím. Druhý, kvantitatívny...
Saved in:
| Main Author: | |
|---|---|
| Format: | Book Chapter |
| Language: | Slovak |
| Subjects: | |
| Tags: |
No Tags, Be the first to tag this record!
|
MARC
| LEADER | 00000naa$a2200000$$$4500 | ||
|---|---|---|---|
| 001 | 0271612 | ||
| 005 | 20240502074300.6 | ||
| 041 | 0 | |a slo | |
| 044 | |a SK | ||
| 245 | 1 | 0 | |a Mladí ľudia a proenvironmentálne správanie |
| 520 | |a Výsledky dvoch prieskumov medzi študentmi Obchodnej fakulty EUBA. Prvý, kvalitatívny prieskum realizovaný v 2019/2020 s 25 individuálnymi rozhovormi ohľadom vnímania súčasného stavu životného prostredia mladými ľuďmi, ich postoje a správanie v súvislosti so životným prostredím. Druhý, kvantitatívny prieskum s cieľom zistiť postoje mladých ľudí k problematike životného prostredia a zodpovednému správaniu formou dotazníka (433 respondentov) s predchádzajúcim štúdiom prieskumov Európskej komisie (Špeciálny Eurobarometer 365 Postoje európskych občanov k životnému prostrediu, Špeciálny Eurobarometer 372 Klimatické zmeny a Flash Eurobarometer postoje Európanov k efektívnosti zdrojov). | ||
| 610 | 2 | 0 | |a správanie sociálne |
| 610 | 2 | 0 | |a etika environmentálna |
| 610 | 2 | 0 | |a tvorba prostredia životného |
| 610 | 2 | 0 | |a ukazovatele sociálne |
| 610 | 2 | 0 | |a študenti |
| 610 | 2 | 0 | |a dotazníky |
| 610 | 2 | 0 | |a Slovensko |
| 100 | 1 | |a Vokounová, Dana, 1962- | |